How to value your business and increase its potential (Record no. 2700)

MARC details
000 -LEADER
fixed length control field 00410nam a22001697a 4500
005 - DATE AND TIME OF LATEST TRANSACTION
control field 20180606125436.0
008 - FIXED-LENGTH DATA ELEMENTS--GENERAL INFORMATION
fixed length control field 160614b xxu||||| |||| 00| 0 eng d
020 ## - INTERNATIONAL STANDARD BOOK NUMBER
ISBN 0-07-059827-4
041 ## - LANGUAGE CODE
Language code of text/sound track or separate title eng
082 ## - DEWEY DECIMAL CLASSIFICATION NUMBER
Item number 7559
Classification number 650.1
100 ## - MAIN ENTRY--AUTHOR NAME
Personal name Abrams, Jay B
245 ## - TITLE STATEMENT
Title How to value your business and increase its potential
260 ## - PUBLICATION, DISTRIBUTION, ETC. (IMPRINT)
Name of publisher TMH
300 ## - PHYSICAL DESCRIPTION
Number of Pages 296
650 ## - SUBJECT ADDED ENTRY--TOPICAL TERM
Topical Term Management
942 ## - ADDED ENTRY ELEMENTS (KOHA)
Koha item type Books
Holdings
Lost status Damaged status Collection code Home library Current library Shelving location Date acquired Cost, normal purchase price Full call number Accession Number Koha item type
    MANAGEMENT JRU Library JRU Library SHELF-70 G 14/06/2016 375.00 650.1 7559 Books
    MANAGEMENT JRU Library JRU Library SHELF-70 G 14/06/2016 375.00 650.1 7560 Books